Mathematics in nature : modeling patterns in the natural world
Αποθηκεύτηκε σε:
| Κύριος συγγραφέας: | |
|---|---|
| Μορφή: | Βιβλίο |
| Γλώσσα: | English |
| Δημοσίευση: |
Princeton, NJ :
Princeton University Press,
c2003
|
| Θέματα: | |
| Ετικέτες: |
Προσθήκη ετικέτας
Δεν υπάρχουν, Καταχωρήστε ετικέτα πρώτοι!
|
MARC
| LEADER | 00000nam a2200000 i 4500 | ||
|---|---|---|---|
| 001 | 1/63417 | ||
| 008 | 071119s2003 eng d | ||
| 020 | |a 0-691-12796-4 | ||
| 020 | |a 978-0-691-12796-5 | ||
| 035 | |l 10092363 | ||
| 040 | |a GR-MY-UA |b gre |e aacr | ||
| 041 | 0 | |a eng | |
| 082 | 0 | |a 511.8 |2 (22) | |
| 100 | 1 | |a Adam, John A. | |
| 245 | 1 | 0 | |a Mathematics in nature : |b modeling patterns in the natural world / |c John A.Adam |
| 260 | |a Princeton, NJ : |b Princeton University Press, |c c2003 | ||
| 300 | |a xxiv, 360 σ.; |b εικ. (μερ. έγχρ.); |c 24 εκ. | ||
| 504 | |a Βιβλιογραφία: σ. [341]-355. Ευρετήριο | ||
| 650 | 0 | 0 | |a Mathematical models. |
| 852 | |a INST |b LESVOS |e 20081020 |h 511.8 ADA |p 005100043291 |q 005100043291 |t BK |y 0 | ||
| 852 | |a INST |b SYROS |e 20071119 |h 511.8 ADA |p 005500006976 |q 005500006976 |t BK |y 0 | ||
| 901 | |a BIBL5-2007-3 | ||
| 901 | |a BIBL1-2008-3 | ||
| 909 | |a Ε |b 139853 | ||
| 909 | |a Λ |b 144264 | ||
| 922 | |a 5ΕΛΗ |b 200710 |c ΕΠΕΑΕΚ2/ΤΜΣΠΣ |d ΠΑΠΑΣΩΤΗΡΙΟΥ | ||
| 922 | |a 1ΕΛΗ |b 200801 |c ΕΠΕΑΕΚ2/ΤΕΘ |d ΠΑΠΑΣΩΤΗΡΙΟΥ | ||
| 970 | |a ΚΟΝΤΟΥ |b ΠΑΡΑΣΚΕΥΗ |z 2007/11/19 | ||